10 Countries with Most Space Travellers - Statistics

General Stats
  • This quiz has been taken 393 times
  • The average score is 10 of 12
Answer Stats
No.* Space country % Correct
118 Russia / USSR
99%
337 United States
99%
11 China
98%
10 France
95%
11 Japan
95%
2 United Kingdom
95%
11 Germany
91%
9 Canada
90%
7 Italy
84%
2 Netherlands
57%
2 Belgium
50%
2 Bulgaria
7%
No matching quizzes found
Score Distribution
Percent of People with Each Score
Percentile by Number Answered
Your Score History
You have not taken this quiz